Healing the body Touching the Heart : The life & times of Dr LM Sanghvi (Record no. 2607)

MARC details
000 -LEADER
fixed length control field 00397nam a2200145Ia 4500
008 - FIXED-LENGTH DATA ELEMENTS--GENERAL INFORMATION
fixed length control field 230503s9999 xx 000 0 und d
020 ## - INTERNATIONAL STANDARD BOOK NUMBER
International Standard Book Number 9789351742111
082 ## - DEWEY DECIMAL CLASSIFICATION NUMBER
Classification number 923.41
Item number MUKH
100 ## - MAIN ENTRY--PERSONAL NAME
Personal name MUKHERJEE,Nita
245 #0 - TITLE STATEMENT
Title Healing the body Touching the Heart : The life & times of Dr LM Sanghvi
260 ## - PUBLICATION, DISTRIBUTION, ETC.
Place of publication, distribution, etc. Mumbai
Name of publisher, distributor, etc. knowledgeWare
Date of publication, distribution, etc. 2014
300 ## - PHYSICAL DESCRIPTION
Extent 192
650 ## - SUBJECT ADDED ENTRY--TOPICAL TERM
Topical term or geographic name entry element biography/Law
942 ## - ADDED ENTRY ELEMENTS (KOHA)
Koha item type Book
Holdings
Withdrawn status Lost status Source of classification or shelving scheme Damaged status Not for loan Collection code Home library Current library Shelving location Date acquired Full call number Barcode Date last seen Price effective from Koha item type Public note
    Dewey Decimal Classification     Non-fiction RIC Library RIC Library General Stacks 05/03/2023 923.41 MUKH 002007 05/03/2023 05/03/2023 Book R-16.5

Venue

Rajasthan International Centre
Sansthan Path,JLN Marg, Jaipur- 302017
Phone: +91-7230904025